dBASE 5 dla Windows : (Rekord nr 203)
| 000 -LEADER | |
|---|---|
| fixed length control field | 01115cam a2200313 i 4500 |
| 005 - DATE AND TIME OF LATEST TRANSACTION | |
| control field | 20171212141855.0 |
| 008 - FIXED-LENGTH DATA ELEMENTS--GENERAL INFORMATION | |
| fixed length control field | 150409s1995 pl a |001 0 pol c |
| 020 ## - INTERNATIONAL STANDARD BOOK NUMBER | |
| International Standard Book Number | 8385625844 |
| 035 ## - SYSTEM CONTROL NUMBER | |
| System control number | xx003405608 |
| 039 #9 - LEVEL OF BIBLIOGRAPHIC CONTROL AND CODING DETAIL [OBSOLETE] | |
| Level of rules in bibliographic description | 201609070227 |
| Level of effort used to assign nonsubject heading access points | VLOAD |
| Level of effort used to assign subject headings | 201609060240 |
| Level of effort used to assign classification | VLOAD |
| Level of effort used to assign subject headings | 201606301037 |
| Level of effort used to assign classification | kopilwa |
| Level of effort used to assign subject headings | 201504131316 |
| Level of effort used to assign classification | vpski |
| -- | 201504091346 |
| -- | vpski |
| 040 ## - CATALOGING SOURCE | |
| Original cataloging agency | KIEL 008/JK |
| Transcribing agency | KIEL 008/JKs |
| 041 1# - LANGUAGE CODE | |
| Language code of text/sound track or separate title | pol |
| Language code of original and/or intermediate translations of text | ger |
| 100 1# - MAIN ENTRY--PERSONAL NAME | |
| Personal name | Hoffbauer, Manfred. |
| 245 10 - TITLE STATEMENT | |
| Title | dBASE 5 dla Windows : |
| Remainder of title | wersja polska / |
| Statement of responsibility, etc | Manfred Hoffbauer, Peter Feil ; z niemieckiego przełożył: Sławomir Osiak. |
| 246 34 - VARYING FORM OF TITLE | |
| Title proper/short title | dBASE 5 dla Windows po polsku w dwudziestu krokach |
| 260 ## - PUBLICATION, DISTRIBUTION, ETC. (IMPRINT) | |
| Place of publication, distribution, etc | Warszawa : |
| Name of publisher, distributor, etc | Mikom, |
| Date of publication, distribution, etc | 1995. |
| 300 ## - PHYSICAL DESCRIPTION | |
| Extent | 168 s. : |
| Other physical details | il. ; |
| Dimensions | 21 cm. |
| 490 1# - SERIES STATEMENT | |
| Series statement | QuickStart |
| 504 ## - BIBLIOGRAPHY, ETC. NOTE | |
| Bibliography, etc | Indeks. |
| 650 ## - SUBJECT ADDED ENTRY--TOPICAL TERM | |
| Topical term or geographic name as entry element | dBASE V (oprogramowanie). |
| 951 ## - EQUIVALENCE OR CROSS-REFERENCE-GEOGRAPHIC NAME/AREA NAME [OBSOLETE] [CAN/MARC only] | |
| Geographic name | KIEL_008 |
| 700 1# - ADDED ENTRY--PERSONAL NAME | |
| Personal name | Feil, Peter. |
| 700 1# - ADDED ENTRY--PERSONAL NAME | |
| Personal name | Osiak, Sławomir. |
| Relator term | Tł. |
| 710 2# - ADDED ENTRY--CORPORATE NAME | |
| Corporate name or jurisdiction name as entry element | Wydawnictwo MIKOM. |
| Relator code | pbl |
| 830 #0 - SERIES ADDED ENTRY--UNIFORM TITLE | |
| Uniform title | QuickStart |
| 920 ## - | |
| -- | 83-85625-84-4 |
| 961 ## - | |
| -- | WA_310 |
Brak dostępnych egzemplarzy.